Statistics for Které Místo je Větší?

Click here to take the quiz!

General Stats

  • This quiz has been taken 1 462 times
  • The average score is 9 of 15

Answer Stats

QuestionAnswer% Correct
?Česko
92%
?Kuba
87%
?Severní Amerika
79%
Který ostrov?Island
72%
?Kanada
71%
?Harlem, v Manhattanu
64%
?Antarktida
62%
?Sibiř
61%
?Palau
60%
?Kypr
54%
?Honšú
51%
?Kjúšú
51%
?Vancouver Island
48%
Který stát?New York
46%
?Jižní Dakota
29%

Score Distribution

Percentile by Number Answered

Percent of People with Each Score

Your Score History

You have not taken this quiz